|
|
|
|
| LEADER |
00984nam a2200217 i 4500 |
| 003 |
GR-PaULI |
| 005 |
20210909122333.0 |
| 008 |
210909s1990 gr |||g |||| 000 0 gre d |
| 952 |
|
|
|0 0
|1 0
|2 ddc
|4 0
|6 889_334000000000000_ΘΑΝ
|7 0
|9 328324
|a LISP
|b LISP
|c DON
|d 2021-09-09
|e ΠΑΤ
|i 146640
|l 0
|o 889.334 ΘΑΝ
|p 025000272920
|r 2021-09-09 00:00:00
|t 1
|w 2021-09-09
|y BKN
|
| 999 |
|
|
|c 183950
|d 183950
|
| 020 |
|
|
|a 9608512107 (σετ)
|
| 020 |
|
|
|a 9608512115 (τ. 1)
|
| 040 |
|
|
|a GR-PaULI
|b gre
|c GR-PaULI
|e AACR2
|
| 082 |
0 |
4 |
|2 23
|a 889.334
|
| 100 |
1 |
|
|9 187383
|a Θανασέκος, Λουκάς,
|d 1941-
|e συγγραφέας.
|
| 245 |
1 |
2 |
|a Ο άλλος τύπος :
|b 1-Μαθήματα Δημοσιογραφίας-1 /
|c Λουκάς Θανασέκος.
|
| 260 |
|
|
|a Αθήνα :
|b Ένωσις Συντακτών Περιδικού Τύπου,
|c 1990.
|
| 300 |
|
|
|a 140 σ. ;
|c 21 εκ.
|
| 490 |
0 |
|
|a Μαθήματα δημοσιογραφίας ;
|v 1
|
| 942 |
|
|
|2 ddc
|c BKN
|
| 998 |
|
|
|c ΒΑΣΙΛΕΙΟΥ
|d 2021-09
|